LIBRARY ONLINE CATALOGUE

Taxmann's introduction to computers and information system / (Record no. 11428)

MARC details
000 -LEADER
fixed length control field 00684nam a22002172 4500
001 - CONTROL NUMBER
control field 0000021339
005 - DATE AND TIME OF LATEST TRANSACTION
control field 20151217154454.0
008 - FIXED-LENGTH DATA ELEMENTS--GENERAL INFORMATION
fixed length control field 120315s xx 000 0 eng d
020 ## - INTERNATIONAL STANDARD BOOK NUMBER
International Standard Book Number 8174969675 :
040 ## - CATALOGING SOURCE
Original cataloging agency KABU
Transcribing agency KABU
100 1# - MAIN ENTRY--PERSONAL NAME
Personal name Madan, Sushila.
-- 0000182162
245 10 - TITLE STATEMENT
Title Taxmann's introduction to computers and information system /
Statement of responsibility, etc. Sushila Madan.
250 ## - EDITION STATEMENT
Edition statement 3rd ed.
260 ## - PUBLICATION, DISTRIBUTION, ETC. (IMPRINT)
Place of publication, distribution, etc. Delhi :
Name of publisher, distributor, etc. Taxmann Allied Services,
Date of publication, distribution, etc. 2007.
300 ## - PHYSICAL DESCRIPTION
Extent 309 p.
650 #0 - SUBJECT ADDED ENTRY--TOPICAL TERM
Topical term or geographic name as entry element Computer science.
-- 0000058480
852 1# - LOCATION
-- p6190 KES
852 1# - LOCATION
-- p6190 KES
908 ## - PUT COMMAND PARAMETER (RLIN)
Put command parameter 120315
950 ## - LOCAL HOLDINGS (RLIN)
-- 1
Holdings
Withdrawn status Lost status Source of classification or shelving scheme Damaged status Not for loan Home library Current library Date acquired Total Checkouts Full call number Barcode Date last seen Date last checked out Price effective from Koha item type
  Lost Library of Congress Classification     Kabarak, Main Campus Kabarak, Main Campus 17/12/2015 2 QA76 .M33 2007 c. 2 20742 15/08/2016 15/08/2016 17/12/2015 General Collection
    Library of Congress Classification     Kabarak, Main Campus Kabarak, Main Campus 17/12/2015 12 QA76 .M33 2007 c. 1 33886 20/03/2023 03/03/2023 17/12/2015 General Collection